000 00686nam a22001337a 4500
008 110701t xxu||||| |||| 00| 0 eng d
010 _aHCCC F-126
245 _aThe High Court Companies Cause No. 8 of 1968 in the Matter of Rwzhumbura ytradin d Company (1957) Ltd. and in the Matter of Companies ACT 1958
260 _c1958
500 _aBefore: The Honourable Mr. Justice M. Opu
999 _c4415
_d4415